| 000 | 00618nab a2200193 4500 | ||
|---|---|---|---|
| 999 |
_c372286 _d372286 |
||
| 001 | 90031 | ||
| 003 | OSt | ||
| 005 | 20230310133530.0 | ||
| 007 | tu | ||
| 008 | 110905s2000||||||| | ||
| 040 |
_aDE-2950 _cDE-2950 |
||
| 245 | 0 | 0 |
_aFrankfurter Flagfootballer in Nationalteam berufen. _bSportsplitter. Meistertitel für Leichtathlet Ian Constantine Kehder und Silber für Schwimmerin Solveig Seidel / _cred. |
| 264 | _c2023 | ||
| 653 | _aFrankfurt (Oder) | ||
| 653 | _aLeichtathletik | ||
| 653 | _aFootball | ||
| 773 | 0 |
_g34. Jahrgang (2023) Nr. 56, 07.03.2023, Seite 16: mit Foto _tMärkische Oderzeitung |
|
| 942 |
_2z _cA |
||